Rihanna Russian Roulette Lyrics Quiz - Statistics

General Stats
  • This quiz has been taken 242 times
  • The average score is 194 of 238
Answer Stats
Answer % Correct
a
97%
I
97%
you
97%
You
97%
he
96%
He
96%
the
93%
it
92%
my
92%
can
91%
heart
91%
No
91%
no!
91%
see
91%
to
91%
and
90%
And
90%
I'm
89%
im
89%
beating
88%
but
88%
But
88%
me
88%
your
88%
Say
86%
say
86%
Take
86%
take
86%
through
86%
trigger
86%
not
85%
So
85%
chest
84%
pull
84%
go
83%
terrified
83%
this
83%
breath
82%
just
82%
that
81%
That
81%
deep
80%
gun
80%
pass
80%
says
80%
test
80%
then
80%
count
78%
leaving
78%
three
78%
yourself
76%
eyes
75%
If
75%
know
75%
time
75%
slow
74%
must
73%
play
72%
prayer
72%
now
71%
Now
71%
close
69%
moving
69%
sometimes
69%
think
68%
for
67%
helps
67%
turn
67%
Calm
66%
life
65%
Said
65%
never
64%
get
62%
he's
62%
thought
62%
scary
59%
lost
58%
here
57%
means
57%
of
57%
its
55%
too
55%
goodbye
54%
before
53%
many
53%
will
53%
chance
51%
wondering
51%
won't
51%
ever
50%
late
50%
sunrise?
50%
sweating
50%
Oh
49%
value
48%
flashes
47%
another
43%
As
42%
keeps
40%
No matching quizzes found
Score Distribution
Percent of People with Each Score
Percentile by Number Answered
Your Score History
You have not taken this quiz